Outer Banks Characters - Statistics

General Stats
  • This quiz has been taken 7,841 times
  • The average score is 11 of 24
Answer Stats
Answer % Correct
JJ
97%
John B
96%
Pope
92%
Kiara
90%
Sarah Cameron
76%
Rafe Cameron
71%
Topper
69%
Ward Cameron
69%
Big John
58%
Rose Cameron
53%
Wheezie Cameron
52%
Sheriff Peterkin
45%
Heyward
34%
Luke
34%
Ms. Heyward
34%
Shoupe
34%
Barry
33%
Kelce
28%
Anna Carrera
16%
Lana Grubbs
9%
Deputy Thomas
8%
Deputy Plumb
7%
Scooter Grubbs
6%
Ms. Crain
3%
No matching quizzes found
Score Distribution
Percent of People with Each Score
Percentile by Number Answered
Your Score History
You have not taken this quiz